000 00496nam a22001817a 4500
005 20251108172417.0
008 250721s1998 xx 000 0 ara d
082 1 4 _aم/636.203/سبا
100 1 _aسبانو، أحمد غسان
_eمؤلف
245 1 0 _aموسوعة الإبل /
264 1 _aبيروت :
_bدار قتيبة،
_c1998.
300 _a263ص.
650 1 7 _aالموسوعات
650 1 7 _aالحيوانات
650 1 7 _aالإبل
942 _2ddc
_cREF
999 _c78590
_d78590